Психолінгвістичні особливості англомовної комунікативної культури (Запис № 285346)
[ простий вигляд ]
| 000 -LEADER | |
|---|---|
| fixed length control field | 01974nam a22001577a 4500 |
| 041 ## - LANGUAGE CODE | |
| Language code of text/sound track or separate title | ukr |
| 080 ## - UNIVERSAL DECIMAL CLASSIFICATION NUMBER | |
| Universal Decimal Classification number | 09 |
| 090 ## - LOCALLY ASSIGNED LC-TYPE CALL NUMBER (OCLC); LOCAL CALL NUMBER (OCLC) | |
| Local cutter number (OCLC) ; Book number/undivided call number, CALL (RLIN) | БОР |
| 100 ## - MAIN ENTRY--PERSONAL NAME | |
| Personal name | Бороган-Яковчук, К. Ф. |
| 245 ## - TITLE STATEMENT | |
| Title | Психолінгвістичні особливості англомовної комунікативної культури |
| 260 ## - PUBLICATION, DISTRIBUTION, ETC. (IMPRINT) | |
| Place of publication, distribution, etc | Острог |
| Name of publisher, distributor, etc | КАФ |
| Date of publication, distribution, etc | 2013 |
| 300 ## - PHYSICAL DESCRIPTION | |
| Extent | 69 |
| 520 ## - SUMMARY, ETC. | |
| Summary, etc | Вступ.<br/>Розділ І. Теоретичні засади дослідження англомовної комунікативної культури у психолінгвістичному аспекті.<br/>1.1. Поняття комунікативної культури в сучасній лінгвістичній парадигмі<br/>1.2. Психолінгвістичний підхід до вивчення комунікативної культури<br/>Розділ ІІ. Етноспецифічні риси англомовної комунікативної поведінки.<br/>2.1. Комунікативні цінності англомовної культури<br/>2.2. Вербальні особливості англомовної комунікативної поведінки<br/>2.2.1. Директивні вислови й уживання імперативу<br/>2.2.2. Евфемизація та політкоректність<br/>2.2.3. Вживання ненормативної лексики<br/>2.3. Невербальні особливості англомовної комунікативної поведінки<br/>2.4. Табу в англомовній комунікативній культурі<br/>Розділ ІІІ. Економічні методи управління умовами та охороною праці.<br/>Висновки.<br/>Список використаної літератури.<br/>Додатки. |
| -- | психолінгвістика, комунікативна культура |
| 650 ## - SUBJECT ADDED ENTRY--TOPICAL TERM | |
| Topical term or geographic name as entry element | Research Papers |
| 942 ## - ADDED ENTRY ELEMENTS (KOHA) | |
| Koha item type | Книги |
| Withdrawn status | Lost status | Source of classification or shelving scheme | Damaged status | Not for loan | Home library | Current library | Date acquired | Source of acquisition | Cost, normal purchase price | Total Checkouts | Full call number | Barcode | Date last seen | Price effective from | Koha item type |
|---|---|---|---|---|---|---|---|---|---|---|---|---|---|---|---|
| Universal Decimal Classification | ВІЛ - Відділ іноземн. літератури НБ | ВІЛ - Відділ іноземн. літератури НБ | 12/06/2013 | Акт №7 | 1.00 | 09 | 215279 | 09/11/2021 | 12/06/2013 | Книги |